[Event "22nd ETCC Women 2019"]
[Site "Batumi"]
[Date "2019.10.27"]
[Round "4.4"]
[White "Gunina, Valentina"]
[Black "Arabidze, Meri"]
[Result "1-0"]
[WhiteElo "2509"]
[BlackElo "2398"]
[Annotator "TA"]
[PlyCount "119"]
[EventDate "2019.10.24"]
[EventType "team-tourn"]
[EventCountry "GEO"]
[SourceTitle "playchess.com"]
[Source "ChessBase"]
[SourceQuality "1"]
[WhiteTeam "Russia"]
[BlackTeam "Georgia"]
[WhiteTeamCountry "RUS"]
[BlackTeamCountry "GEO"]

{[%evp 18,119,43,29,32,7,32,20,4,6,6,7,30,22,23,16,94,101,118,123,115,118,189,188,187,177,177,185,181,178,174,174,174,175,181,176,166,174,177,184,190,181,177,179,173,177,170,131,132,133,136,129,141,140,245,237,241,216,307,267,385,377,370,308,277,242,250,228,836,825,763,741,801,771,861,830,771,771,12244,12377,7529,11092,5720,5808,4556,548,488,452,4439,1371,29962,29963,29955,29965,29960,29960,5311,29956,29953,11471,29957,4645,29980,29981]} 1. d4 d5 2. c4 dxc4 3. e3 Nf6 4. Bxc4 e6 5. Nf3 c5 6. O-O a6 7. dxc5 Bxc5 8. Qxd8+ Kxd8 9. Nbd2 Ke7 10. Be2 Bd7 {D27: Queen's Gambit Accepted: Classical main line: 7 e4!? and 7 a4} (10... Nc6 11. b3 Rd8 12. Bb2 b6 13. a3 a5 14. Rfc1 Bb7 15. Bxf6+ gxf6 16. Ne4 Bd6 17. Nxd6 Rxd6 18. Kf1 {½-½ (33) So,W (2810)-Caruana,F (2807) Saint Louis 2017}) 11. Ne5 Bb5 12. Nec4 Nc6 {The position is equal.} 13. b3 Rhd8 {[#]} 14. Rd1 $146 ({Predecessor:} 14. a4 Bxc4 15. Nxc4 Nd5 {½-½ (15) Zablotsky,S (2515)-Nevostrujev,V (2469) Novokuznetsk 2008}) 14... Rac8 15. Bb2 Kf8 16. Bf3 Nd5 (16... Bxc4 $11 {remains equal.} 17. Nxc4 Nd5) 17. Ne4 $16 Be7 {[#]} 18. Ncd6 $1 {[%cal Rd6c8][%mdl 512]} Rb8 ({Wrong is} 18... Bxd6 $2 19. Nxd6 Rxd6 20. Ba3 $18) (18... Rxd6 19. Nxd6) 19. a4 $1 $36 {[%cal Ra4b5][%mdl 2048] Keeping Black busy.} f5 (19... Bxa4 $16 20. bxa4 f5 21. Nxf5 exf5) 20. Nc5 $18 Rxd6 21. axb5 axb5 {[#]} 22. Nxe6+ $1 {[%mdl 576] Deflection} Rxe6 23. Rxd5 Bf6 {[#]} 24. Bxf6 $1 Rxf6 25. Rxb5 Nd8 26. g3 g6 27. Rd1 Rf7 28. h4 Rc7 29. h5 Nf7 30. hxg6 hxg6 31. Kg2 b6 32. Rd4 Rc5 33. Rbb4 Ke7 34. e4 Ng5 {intending ...Rc3.} 35. exf5 Nxf3 (35... gxf5 $16 {was worth a try.} 36. Be2 Ne4) 36. Kxf3 Rxf5+ $16 {[%mdl 4096] Endgame [#] KRR-KRR} 37. Rf4 $1 Re5 (37... Rg5 $142 38. Rbe4+ Kd7 39. Rf7+ Kc6 40. Rf6+ Kb7) 38. Kg4 $18 b5 (38... Rc5 {was called for.} 39. Rbe4+ Kd6 40. Rf6+ Kd5) 39. Rbe4 Rxe4 40. Rxe4+ {KR-KR} Kf6 41. Rf4+ Kg7 42. Rd4 Kh6 $2 (42... b4 43. Kh4 Rb5) 43. f4 Rb6 44. Rd7 b4 45. Kh4 Re6 46. Rd4 Rb6 47. g4 g5+ 48. fxg5+ Kg6 49. Rf4 Rb8 50. Rf6+ Kg7 51. Rd6 (51. Kh5 $142 Rh8+ 52. Rh6) 51... Rh8+ {[#]} 52. Rh6 $1 {Threatening mate with Rxh8.} Rb8 (52... Re8 $142 53. Rb6 Rh8+ 54. Kg3 Rh1 55. Rxb4 Kg6) (52... Rxh6+ 53. gxh6+) 53. Kh5 Rc8 54. Rg6+ Kf7 55. Rb6 Rh8+ 56. Rh6 Rd8 57. Rh7+ Kg8 58. Rb7 Rd4 59. g6 Kf8 60. Kh6 {Accuracy: White = 86%, Black = 48%.} 1-0

[Event "22nd ETCC Women 2019"]
[Site "Batumi"]
[Date "2019.10.27"]
[Round "4.4"]
[White "Ratsma, Rosa"]
[Black "Teuschler, Barbara"]
[Result "1-0"]
[WhiteElo "2283"]
[BlackElo "2136"]
[Annotator "NA"]
[PlyCount "107"]
[EventDate "2019.10.24"]
[EventType "team-tourn"]
[EventCountry "GEO"]
[SourceTitle "playchess.com"]
[Source "ChessBase"]
[SourceQuality "1"]
[WhiteTeam "Netherlands"]
[BlackTeam "Austria"]
[WhiteTeamCountry "NED"]
[BlackTeamCountry "AUT"]
[TimeControl "40/5400+30:1800+30"]

1. e4 {[%emt 0:00:00]} e5 {[%emt 0:00:00]} 2. Nf3 {[%emt 0:00:00]} Nc6 {[%emt 0:00:00]} 3. Bb5 {[%emt 0:00:00]} a6 {[%emt 0:00:00]} 4. Ba4 {[%emt 0:00:00]} Nf6 {[%emt 0:00:00]} 5. O-O {[%emt 0:00:00]} Be7 {[%emt 0:00:00]} 6. Re1 {[%emt 0:00:16]} b5 {[%emt 0:00:21]} 7. Bb3 {[%emt 0:00:06]} d6 {[%emt 0:00:09]} 8. c3 {[%emt 0:00:10]} O-O {[%emt 0:01:00]} 9. d3 {[%emt 0:00:11]} Na5 {[%emt 0:01:05]} 10. Bc2 {[%emt 0:00:07]} c5 {[%emt 0:00:06]} 11. Nbd2 {[%emt 0:00:13]} Nc6 {[%emt 0:02:28]} 12. h3 {[%emt 0:00:24]} Re8 {[%emt 0:00:54]} 13. Nf1 {[%emt 0:00:24]} h6 {[%emt 0:01:50]} 14. d4 {[%emt 0:01:46]} cxd4 {[%emt 0:01:01]} 15. cxd4 {[%emt 0:01:11]} exd4 {[%emt 0:00:08]} 16. Nxd4 {[%emt 0:00:13]} Nxd4 {[%emt 0:00:05]} 17. Qxd4 {[%emt 0:00:07]} Bb7 {[%emt 0:01:37]} 18. Ng3 {[%emt 0:13:27]} d5 {[%emt 0:01:34]} 19. e5 {[%emt 0:02:23]} Ne4 {[%emt 0:01:45]} 20. Nxe4 {[%emt 0:02:08]} dxe4 {[%emt 0:00:01]} 21. Be3 {[%emt 0:03:13]} f5 {[%emt 0:31:26]} 22. Bb3+ {[%emt 0:06:28]} Kh7 {[%emt 0:03:04]} 23. Rac1 {[%emt 0:14:52]} Qxd4 {[%emt 0:08:01]} 24. Bxd4 {[%emt 0:00:09]} Bb4 {[%emt 0:00:37]} 25. Re2 {[%emt 0:04:50]} Rad8 {[%emt 0:08:36]} 26. Bb6 {[%emt 0:03:46]} Rc8 {[%emt 0:10:09]} 27. Rc7 {[%emt 0:08:15]} Rxc7 {[%emt 0:01:37]} 28. Bxc7 {[%emt 0:00:06]} Bc8 {[%emt 0:09:14]} 29. g4 {[%emt 0:04:32]} g6 {[%emt 0:02:34]} 30. Kg2 {[%emt 0:12:16]} Be6 {[%emt 0:01:06]} 31. Bxe6 {[%emt 0:02:15]} Rxe6 {[%emt 0:00:01]} 32. a3 {[%emt 0:03:43]} Bf8 {[%emt 0:04:42]} 33. Rc2 {[%emt 0:03:51]} Kg8 {[%emt 0:02:01]} 34. Kg3 {[%emt 0:00:49]} Kf7 {[%emt 0:01:11]} 35. Kf4 {[%emt 0:01:00]} fxg4 {[%emt 0:01:55]} 36. hxg4 {[%emt 0:00:09]} Be7 {[%emt 0:02:28]} 37. Kxe4 {[%emt 0:00:26]} h5 {[%emt 0:00:09]} 38. f4 {[%emt 0:04:17]} hxg4 {[%emt 0:00:26]} 39. Kd5 {[%emt 0:01:32]} g3 {[%emt 0:00:52]} 40. Bd6 {[%emt 0:00:00]} Bd8 {[%emt 0:00:00]} 41. Rc3 {[%emt 0:11:00]} Bh4 {[%emt 0:02:17]} 42. Rc7+ {[%emt 0:07:04]} Be7 {[%emt 0:00:08]} 43. b4 {[%emt 0:03:38]} g2 {[%emt 0:01:28]} 44. Bc5 {[%emt 0:01:46]} Kf8 {[%emt 0:01:40]} 45. Be3 {[%emt 0:02:15]} Bd8 {[%emt 0:02:32]} 46. Rc2 {[%emt 0:02:29]} Kf7 {[%emt 0:00:03]} 47. Rxg2 {[%emt 0:00:25]} a5 {[%emt 0:00:02]} 48. bxa5 {[%emt 0:02:34]} Bxa5 {[%emt 0:00:01]} 49. Rb2 {[%emt 0:00:21]} Bb6 {[%emt 0:00:40]} 50. Bxb6 {[%emt 0:02:15]} Rxb6 {[%emt 0:00:02]} 51. a4 {[%emt 0:00:19]} b4 {[%emt 0:01:33]} 52. Kc5 {[%emt 0:00:11]} Re6 {[%emt 0:00:42]} 53. Rxb4 {[%emt 0:00:15]} g5 {[%emt 0:00:04]} 54. Kd5 {[%emt 0:00:32]} 1-0

[Event "22nd ETCC Women 2019"]
[Site "Batumi"]
[Date "2019.10.27"]
[Round "4.5"]
[White "Houska, Jovanka"]
[Black "Hoolt, Sarah"]
[Result "1-0"]
[WhiteElo "2430"]
[BlackElo "2323"]
[Annotator "NA"]
[PlyCount "111"]
[EventDate "2019.10.24"]
[EventType "team-tourn"]
[EventCountry "GEO"]
[SourceTitle "playchess.com"]
[Source "ChessBase"]
[SourceQuality "1"]
[WhiteTeam "ENG"]
[BlackTeam "GER"]
[WhiteTeamCountry "ENG"]
[TimeControl "40/5400+30:1800+30"]

1. d4 {[%emt 0:00:00]} Nf6 {[%emt 0:00:00]} 2. Nf3 {[%emt 0:00:00]} d5 {[%emt 0:00:00]} 3. Bf4 {[%emt 0:00:38]} c5 {[%emt 0:00:06]} 4. e3 {[%emt 0:00:36]} Nc6 {[%emt 0:00:14]} 5. Nbd2 {[%emt 0:00:22]} e6 {[%emt 0:02:29]} 6. c3 {[%emt 0:00:38]} Qb6 {[%emt 0:05:06]} 7. Rb1 {[%emt 0:09:13]} Nh5 {[%emt 0:05:56]} 8. Bg3 {[%emt 0:01:30]} Nxg3 {[%emt 0:01:04]} 9. hxg3 {[%emt 0:00:04]} Be7 {[%emt 0:08:21]} 10. Bd3 {[%emt 0:00:37]} h6 {[%emt 0:01:26]} 11. Qe2 {[%emt 0:01:04]} Bd7 {[%emt 0:05:19]} 12. O-O {[%emt 0:12:11]} O-O {[%emt 0:08:36]} 13. Rfd1 {[%emt 0:11:19]} c4 {[%emt 0:12:45]} 14. Bc2 {[%emt 0:00:33]} f5 {[%emt 0:00:06]} 15. b3 {[%emt 0:02:20]} cxb3 {[%emt 0:00:08]} 16. Bxb3 {[%emt 0:00:22]} Qa5 {[%emt 0:03:07]} 17. c4 {[%emt 0:01:55]} Kh7 {[%emt 0:01:27]} 18. Ne1 {[%emt 0:11:36]} Rac8 {[%emt 0:08:06]} 19. Nd3 {[%emt 0:01:27]} Be8 {[%emt 0:05:39]} 20. cxd5 {[%emt 0:05:25]} exd5 {[%emt 0:00:17]} 21. Nf3 {[%emt 0:00:18]} Bf7 {[%emt 0:10:14]} 22. Nfe5 {[%emt 0:09:22]} Nxe5 {[%emt 0:03:34]} 23. Nxe5 {[%emt 0:00:54]} Be6 {[%emt 0:01:16]} 24. g4 {[%emt 0:01:09]} fxg4 {[%emt 0:06:40]} 25. Nxg4 {[%emt 0:05:50]} Bf5 {[%emt 0:01:42]} 26. Rbc1 {[%emt 0:02:16]} Rxc1 {[%emt 0:01:18]} 27. Rxc1 {[%emt 0:00:04]} Bd6 {[%emt 0:00:48]} 28. Bc2 {[%emt 0:02:36]} Qd8 {[%emt 0:01:52]} 29. Bxf5+ {[%emt 0:02:37]} Rxf5 {[%emt 0:00:01]} 30. Qd3 {[%emt 0:01:05]} Qg5 {[%emt 0:02:35]} 31. Ne5 {[%emt 0:00:18]} g6 {[%emt 0:03:10]} 32. Rb1 {[%emt 0:02:53]} b6 {[%emt 0:00:41]} 33. Rb5 {[%emt 0:01:28]} Bxe5 {[%emt 0:01:15]} 34. dxe5 {[%emt 0:00:03]} Rxe5 {[%emt 0:00:08]} 35. f4 {[%emt 0:00:04]} Qf5 {[%emt 0:00:09]} 36. Qa3 {[%emt 0:03:40]} Re6 {[%emt 0:01:25]} 37. Qxa7+ {[%emt 0:00:12]} Kg8 {[%emt 0:00:22]} 38. Rxb6 {[%emt 0:02:04]} Rxb6 {[%emt 0:00:12]} 39. Qxb6 {[%emt 0:00:03]} Qd3 {[%emt 0:00:43]} 40. a4 {[%emt 0:00:00]} h5 {[%emt 0:00:00]} 41. Kh2 {[%emt 0:04:20]} Qf5 {[%emt 0:06:23]} 42. Qd8+ {[%emt 0:02:31]} Kh7 {[%emt 0:00:15]} 43. Qc7+ {[%emt 0:00:21]} Kh6 {[%emt 0:05:37]} 44. Qe5 {[%emt 0:00:13]} Qf8 {[%emt 0:01:33]} 45. Qxd5 {[%emt 0:00:13]} Kh7 {[%emt 0:00:35]} 46. Qd7+ {[%emt 0:06:06]} Kg8 {[%emt 0:01:05]} 47. Qe6+ {[%emt 0:00:44]} Kh7 {[%emt 0:00:06]} 48. Kh3 {[%emt 0:03:16]} Qc5 {[%emt 0:01:40]} 49. Kh2 {[%emt 0:11:49]} Qa5 {[%emt 0:00:54]} 50. Qf7+ {[%emt 0:00:27]} Kh6 {[%emt 0:00:51]} 51. Qf6 {[%emt 0:03:19]} Kh7 {[%emt 0:01:05]} 52. Qe7+ {[%emt 0:01:01]} Kg8 {[%emt 0:00:12]} 53. Qg5 {[%emt 0:00:40]} Qxa4 {[%emt 0:05:03]} 54. Qxg6+ {[%emt 0:00:05]} Kf8 {[%emt 0:00:04]} 55. Qxh5 {[%emt 0:00:17]} Qe4 {[%emt 0:00:16]} 56. Qe5 {[%emt 0:00:55]} 1-0

[Event "22nd ETCC Women 2019"]
[Site "Batumi"]
[Date "2019.10.27"]
[Round "4.5"]
[White "Hoang, Thanh Trang"]
[Black "Brunello, Marina"]
[Result "1-0"]
[WhiteElo "2414"]
[BlackElo "2381"]
[Annotator "NA"]
[PlyCount "71"]
[EventDate "2019.10.24"]
[EventType "team-tourn"]
[EventCountry "GEO"]
[SourceTitle "playchess.com"]
[Source "ChessBase"]
[SourceQuality "1"]
[WhiteTeam "Hungary"]
[BlackTeam "Italy"]
[WhiteTeamCountry "HUN"]
[BlackTeamCountry "ITA"]
[TimeControl "40/5400+30:1800+30"]

1. d4 {[%emt 0:00:00]} d5 {[%emt 0:00:00]} 2. Nf3 {[%emt 0:00:06]} Nf6 {[%emt 0:00:00]} 3. c4 {[%emt 0:00:33]} c6 {[%emt 0:00:02]} 4. e3 {[%emt 0:00:27]} Bg4 {[%emt 0:00:37]} 5. Qb3 {[%emt 0:00:41]} Qb6 {[%emt 0:03:22]} 6. Nc3 {[%emt 0:00:46]} e6 {[%emt 0:00:56]} 7. Nh4 {[%emt 0:01:26]} Be7 {[%emt 0:07:12]} 8. h3 {[%emt 0:01:16]} Bh5 {[%emt 0:00:09]} 9. g4 {[%emt 0:01:03]} Bg6 {[%emt 0:00:55]} 10. Nxg6 {[%emt 0:01:32]} hxg6 {[%emt 0:00:04]} 11. Bg2 {[%emt 0:01:03]} g5 {[%emt 0:10:15]} 12. Bd2 {[%emt 0:08:03]} Nbd7 {[%emt 0:06:48]} 13. O-O-O {[%emt 0:06:00]} O-O-O {[%emt 0:17:10]} 14. Qa4 {[%emt 0:11:28]} Kb8 {[%emt 0:09:51]} 15. c5 {[%emt 0:09:13]} Qc7 {[%emt 0:01:29]} 16. b4 {[%emt 0:01:16]} a6 {[%emt 0:08:53]} 17. Qb3 {[%emt 0:06:30]} e5 {[%emt 0:00:53]} 18. a4 {[%emt 0:00:38]} Ka8 {[%emt 0:02:41]} 19. b5 {[%emt 0:03:51]} Bxc5 {[%emt 0:12:41]} 20. dxc5 {[%emt 0:03:02]} Nxc5 {[%emt 0:00:07]} 21. Qc2 {[%emt 0:00:56]} cxb5 {[%emt 0:02:14]} 22. axb5 {[%emt 0:05:35]} Qa5 {[%emt 0:03:08]} 23. bxa6 {[%emt 0:12:28]} bxa6 {[%emt 0:03:11]} 24. Be1 {[%emt 0:03:33]} e4 {[%emt 0:02:40]} 25. Kd2 {[%emt 0:04:14]} Rb8 {[%emt 0:02:31]} 26. Ke2 {[%emt 0:01:14]} Qa3 {[%emt 0:00:16]} 27. Nb1 {[%emt 0:03:55]} Qb2 {[%emt 0:01:51]} 28. Qxb2 {[%emt 0:01:36]} Rxb2+ {[%emt 0:00:04]} 29. Kf1 {[%emt 0:01:33]} Rhb8 {[%emt 0:01:28]} 30. Nc3 {[%emt 0:00:22]} Nd3 {[%emt 0:01:06]} 31. Nxd5 {[%emt 0:02:48]} Rb1 {[%emt 0:01:26]} 32. Nc3 {[%emt 0:02:53]} Rxd1 {[%emt 0:00:35]} 33. Nxd1 {[%emt 0:00:05]} Rb1 {[%emt 0:00:33]} 34. Ke2 {[%emt 0:00:07]} Ra1 {[%emt 0:00:25]} 35. Nc3 {[%emt 0:00:57]} Nc1+ {[%emt 0:00:37]} 36. Kd2 {[%emt 0:00:12]} 1-0

[Event "22nd ETCC Women 2019"]
[Site "Batumi"]
[Date "2019.10.27"]
[Round "4.6"]
[White "Sedina, Elena"]
[Black "Lazarne Vajda, Szidonia"]
[Result "1/2-1/2"]
[WhiteElo "2294"]
[BlackElo "2353"]
[Annotator "NA"]
[PlyCount "60"]
[EventDate "2019.10.24"]
[EventType "team-tourn"]
[EventCountry "GEO"]
[SourceTitle "playchess.com"]
[Source "ChessBase"]
[SourceQuality "1"]
[WhiteTeam "Italy"]
[BlackTeam "Hungary"]
[WhiteTeamCountry "ITA"]
[BlackTeamCountry "HUN"]
[TimeControl "40/5400+30:1800+30"]

1. e4 {[%emt 0:00:00]} c6 {[%emt 0:00:00]} 2. c4 {[%emt 0:03:47]} d5 {[%emt 0:00:04]} 3. exd5 {[%emt 0:00:05]} cxd5 {[%emt 0:00:07]} 4. cxd5 {[%emt 0:00:41]} Nf6 {[%emt 0:00:15]} 5. Nc3 {[%emt 0:00:32]} Nxd5 {[%emt 0:00:56]} 6. Nf3 {[%emt 0:00:07]} Nc6 {[%emt 0:01:18]} 7. d4 {[%emt 0:04:08]} Bg4 {[%emt 0:01:09]} 8. Qb3 {[%emt 0:01:45]} Bxf3 {[%emt 0:00:31]} 9. gxf3 e6 {[%emt 0:00:35]} 10. Qxb7 {[%emt 0:00:39]} Nxd4 {[%emt 0:00:29]} 11. Bb5+ {[%emt 0:00:20]} Nxb5 {[%emt 0:00:21]} 12. Qc6+ {[%emt 0:00:11]} Ke7 {[%emt 0:00:45]} 13. Qxb5 {[%emt 0:00:14]} Qd7 {[%emt 0:02:17]} 14. Nxd5+ {[%emt 0:02:01]} Qxd5 {[%emt 0:01:57]} 15. Bg5+ {[%emt 0:01:39]} f6 {[%emt 0:00:16]} 16. Qxd5 {[%emt 0:00:08]} exd5 {[%emt 0:00:05]} 17. Be3 {[%emt 0:00:14]} Ke6 {[%emt 0:02:15]} 18. O-O-O {[%emt 0:01:38]} Bb4 {[%emt 0:01:38]} 19. a3 {[%emt 0:05:38]} Rhc8+ {[%emt 0:03:12]} 20. Kb1 {[%emt 0:00:12]} Bc5 21. Rhe1 {[%emt 0:01:49]} Bxe3 {[%emt 0:05:29]} 22. Rxe3+ {[%emt 0:01:20]} Kd6 {[%emt 0:04:07]} 23. Rde1 {[%emt 0:03:27]} Rc4 {[%emt 0:39:02]} 24. b3 {[%emt 0:32:51]} Rf4 {[%emt 0:14:34]} 25. Re6+ {[%emt 0:02:41]} Kc5 {[%emt 0:03:07]} 26. Rc1+ Kd4 {[%emt 0:00:12]} 27. Rd1+ {[%emt 0:00:38]} Kc5 28. b4+ {[%emt 0:27:54]} Kc4 {[%emt 0:01:07]} 29. Rc6+ Kb5 {[%emt 0:00:59]} 30. Rc5+ {[%emt 0:00:22]} Kb6 {[%emt 0:00:16]} 1/2-1/2

[Event "22nd ETCC Women 2019"]
[Site "Batumi"]
[Date "2019.10.27"]
[Round "4.6"]
[White "Klek, Hanna Marie"]
[Black "Toma, Katarzyna"]
[Result "1-0"]
[WhiteElo "2248"]
[BlackElo "2272"]
[Annotator "NA"]
[PlyCount "69"]
[EventDate "2019.10.24"]
[EventType "team-tourn"]
[EventCountry "GEO"]
[SourceTitle "playchess.com"]
[Source "ChessBase"]
[SourceQuality "1"]
[WhiteTeam "Germany"]
[BlackTeam "England"]
[WhiteTeamCountry "GER"]
[BlackTeamCountry "ENG"]
[TimeControl "40/5400+30:1800+30"]

1. d4 {[%emt 0:00:00]} Nf6 {[%emt 0:00:00]} 2. c4 {[%emt 0:00:00]} g6 {[%emt 0:00:00]} 3. Nc3 {[%emt 0:00:00]} d5 {[%emt 0:00:00]} 4. Nf3 {[%emt 0:00:00]} Bg7 {[%emt 0:00:09]} 5. h4 {[%emt 0:00:00]} c6 {[%emt 0:00:53]} 6. cxd5 {[%emt 0:00:00]} cxd5 {[%emt 0:00:07]} 7. Bf4 {[%emt 0:00:04]} Nc6 {[%emt 0:02:10]} 8. e3 {[%emt 0:00:08]} O-O {[%emt 0:01:46]} 9. Qb3 {[%emt 0:00:05]} Na5 {[%emt 0:02:42]} 10. Qa3 {[%emt 0:00:08]} Nc6 {[%emt 0:01:11]} 11. Rc1 {[%emt 0:01:55]} Bf5 {[%emt 0:01:30]} 12. Be2 {[%emt 0:01:23]} Rc8 {[%emt 0:09:00]} 13. b4 {[%emt 0:04:06]} Qb6 {[%emt 0:10:05]} 14. b5 {[%emt 0:01:42]} Qa5 {[%emt 0:00:06]} 15. Qxa5 {[%emt 0:07:32]} Nxa5 {[%emt 0:00:05]} 16. O-O {[%emt 0:03:40]} Rfd8 {[%emt 0:14:26]} 17. Ne5 {[%emt 0:09:23]} Ne8 {[%emt 0:03:41]} 18. g4 {[%emt 0:12:15]} Be6 {[%emt 0:00:53]} 19. Nd3 {[%emt 0:01:45]} f6 {[%emt 0:06:26]} 20. g5 {[%emt 0:09:06]} Nd6 {[%emt 0:04:04]} 21. Nc5 {[%emt 0:19:24]} Bf7 {[%emt 0:00:41]} 22. Bg4 {[%emt 0:02:05]} Nf5 {[%emt 0:00:35]} 23. h5 {[%emt 0:01:34]} e5 {[%emt 0:01:20]} 24. hxg6 {[%emt 0:01:52]} hxg6 {[%emt 0:00:46]} 25. gxf6 {[%emt 0:01:17]} Bxf6 {[%emt 0:16:15]} 26. dxe5 {[%emt 0:00:25]} Be7 {[%emt 0:00:35]} 27. e4 {[%emt 0:04:38]} Rxc5 {[%emt 0:03:38]} 28. exf5 {[%emt 0:00:06]} gxf5 {[%emt 0:02:38]} 29. Bxf5 {[%emt 0:00:34]} d4 {[%emt 0:00:48]} 30. Ne4 {[%emt 0:00:23]} Rxb5 {[%emt 0:00:11]} 31. Rc7 {[%emt 0:03:09]} Nc6 {[%emt 0:00:12]} 32. Kh2 {[%emt 0:00:59]} Bxa2 {[%emt 0:04:10]} 33. Rg1+ {[%emt 0:00:25]} Kh8 {[%emt 0:01:02]} 34. Bg5 {[%emt 0:04:00]} Rf8 {[%emt 0:06:14]} 35. Bf6+ {[%emt 0:01:32]} 1-0

[Event "22nd ETCC Women 2019"]
[Site "Batumi"]
[Date "2019.10.27"]
[Round "4.7"]
[White "Gara, Ticia"]
[Black "Gueci, Tea"]
[Result "1-0"]
[WhiteElo "2322"]
[BlackElo "2265"]
[Annotator "NA"]
[PlyCount "127"]
[EventDate "2019.10.24"]
[EventType "team-tourn"]
[EventCountry "GEO"]
[SourceTitle "playchess.com"]
[Source "ChessBase"]
[SourceQuality "1"]
[WhiteTeam "Hungary"]
[BlackTeam "Italy"]
[WhiteTeamCountry "HUN"]
[BlackTeamCountry "ITA"]
[TimeControl "40/5400+30:1800+30"]

1. c4 {[%emt 0:00:00]} e6 {[%emt 0:00:00]} 2. Nf3 {[%emt 0:00:00]} Nf6 {[%emt 0:00:00]} 3. g3 {[%emt 0:00:22]} d5 {[%emt 0:00:00]} 4. d4 {[%emt 0:00:14]} Bb4+ {[%emt 0:00:18]} 5. Bd2 {[%emt 0:00:20]} Bd6 {[%emt 0:00:06]} 6. Bg2 {[%emt 0:00:45]} c6 {[%emt 0:00:11]} 7. b3 {[%emt 0:01:07]} Ne4 {[%emt 0:02:37]} 8. Nc3 {[%emt 0:02:24]} f5 {[%emt 0:05:05]} 9. O-O {[%emt 0:00:40]} Nd7 {[%emt 0:05:03]} 10. Rc1 {[%emt 0:00:40]} O-O {[%emt 0:01:20]} 11. Bf4 {[%emt 0:01:12]} Be7 {[%emt 0:09:22]} 12. Nxe4 {[%emt 0:07:48]} fxe4 {[%emt 0:00:42]} 13. Ne5 {[%emt 0:00:44]} a5 {[%emt 0:04:32]} 14. f3 {[%emt 0:03:42]} exf3 {[%emt 0:03:49]} 15. exf3 {[%emt 0:00:44]} a4 {[%emt 0:05:55]} 16. Re1 {[%emt 0:06:31]} axb3 {[%emt 0:05:58]} 17. axb3 {[%emt 0:02:24]} Bb4 {[%emt 0:01:02]} 18. Re2 {[%emt 0:02:43]} Nxe5 {[%emt 0:08:18]} 19. Bxe5 {[%emt 0:00:25]} Bd7 {[%emt 0:00:16]} 20. Ra1 {[%emt 0:06:31]} Bc3 {[%emt 0:09:21]} 21. Rxa8 {[%emt 0:09:22]} Qxa8 {[%emt 0:00:05]} 22. Qc1 {[%emt 0:01:01]} Qa5 {[%emt 0:04:51]} 23. Rc2 {[%emt 0:08:57]} Bb4 {[%emt 0:01:08]} 24. Qg5 {[%emt 0:02:23]} Rf7 {[%emt 0:03:19]} 25. h4 {[%emt 0:01:06]} Be7 {[%emt 0:10:17]} 26. Qd2 {[%emt 0:05:22]} Qb6 {[%emt 0:06:00]} 27. c5 {[%emt 0:02:38]} Qd8 {[%emt 0:10:26]} 28. Ra2 {[%emt 0:00:27]} Bf6 {[%emt 0:01:24]} 29. f4 {[%emt 0:05:32]} b6 {[%emt 0:01:49]} 30. Qe1 {[%emt 0:06:49]} Be7 {[%emt 0:00:48]} 31. b4 {[%emt 0:00:45]} b5 {[%emt 0:00:30]} 32. Qa1 {[%emt 0:01:43]} Rf8 {[%emt 0:00:25]} 33. Ra7 {[%emt 0:01:36]} h6 {[%emt 0:00:45]} 34. Qa6 {[%emt 0:06:23]} Bxh4 {[%emt 0:00:37]} 35. gxh4 {[%emt 0:05:21]} Qxh4 {[%emt 0:00:02]} 36. Qa1 {[%emt 0:01:08]} Rf7 {[%emt 0:00:44]} 37. Ra3 {[%emt 0:02:20]} Qg4 {[%emt 0:00:48]} 38. Ra8+ {[%emt 0:03:36]} Rf8 {[%emt 0:00:24]} 39. Rxf8+ {[%emt 0:01:02]} Kxf8 {[%emt 0:00:05]} 40. Qb1 {[%emt 0:00:00]} Kg8 {[%emt 0:00:00]} 41. Qd3 {[%emt 0:05:06]} Be8 {[%emt 0:05:07]} 42. Kh2 {[%emt 0:03:13]} Bf7 {[%emt 0:19:07]} 43. Bh3 {[%emt 0:09:05]} Qh4 {[%emt 0:00:24]} 44. Qg3 {[%emt 0:07:39]} Qxg3+ {[%emt 0:00:26]} 45. Kxg3 {[%emt 0:00:02]} g6 {[%emt 0:00:52]} 46. Bf6 {[%emt 0:02:10]} Kf8 {[%emt 0:01:15]} 47. f5 {[%emt 0:00:54]} exf5 {[%emt 0:04:35]} 48. Kf4 {[%emt 0:00:07]} Be8 {[%emt 0:00:54]} 49. Ke5 {[%emt 0:00:53]} Kf7 {[%emt 0:00:30]} 50. Bd8 {[%emt 0:00:45]} Bd7 {[%emt 0:00:27]} 51. Bh4 {[%emt 0:06:27]} g5 {[%emt 0:02:13]} 52. Bf2 {[%emt 0:00:11]} g4 {[%emt 0:00:39]} 53. Bf1 {[%emt 0:01:23]} h5 {[%emt 0:00:59]} 54. Bd3 {[%emt 0:01:00]} Kg6 {[%emt 0:00:31]} 55. Bh4 {[%emt 0:00:23]} g3 {[%emt 0:00:21]} 56. Bxg3 {[%emt 0:00:06]} Kg5 {[%emt 0:00:06]} 57. Kd6 {[%emt 0:00:27]} Be8 {[%emt 0:00:09]} 58. Ke7 {[%emt 0:01:35]} Bg6 {[%emt 0:00:25]} 59. Kd7 {[%emt 0:00:28]} h4 {[%emt 0:01:22]} 60. Bh2 {[%emt 0:00:45]} Kg4 {[%emt 0:00:37]} 61. Kxc6 {[%emt 0:00:11]} Be8+ {[%emt 0:00:22]} 62. Kxd5 {[%emt 0:00:12]} f4 {[%emt 0:00:18]} 63. c6 {[%emt 0:00:23]} f3 {[%emt 0:00:28]} 64. Ke4 1-0